000 00707nam a2200217Ii 4500
003 JO-AjNU
008 230605s9999||||xx |||||||||||||| ||und||
017 _a2002/2/446
040 _aJO-AjNU
_bara
_erda
_cJO-AjNU
041 _aara
050 1 4 _aAC106.F37 2007
100 3 _aالفسفوس، أحمد موسى,
_eauthor
_918154
245 0 0 _aمختارات تراثية
250 _aط1
264 3 1 _aعمان: دار الياقوت للطباعة والنشر والتوزيع، 2007
300 _a80ص
336 _atext
_btxt
_2rdacontent
337 _aunmediated
_bn
_2rdamedia
338 _avolume
_bnc
_2rdacarrier
650 4 _aالانساب العربية- القبائل العربية
_918155
999 _aA5752
_c9320
_d9320